La última dictadura : mejor hablar de ciertas cosas /
Este cuadernillo se propone responder a algunas de las preguntas centrales sobre lo sucedido en la última dictadura militar. A través de variados recursos propone un acercamiento a los conceptos claves, la historia y las reflexiones centrales. Se ofrecen aquí testimonios, fotos y preguntas para pens...
Guardado en:
| Autor Principal: | |
|---|---|
| Formato: | Libro |
| Publicado: |
Buenos Aires :
Ministerio de Educación de la Nación,
2014
|
| Materias: | |
| Acceso en línea: | Clic aquí para acceder al libro digital |
| Etiquetas: |
Agregar Etiqueta
Sin Etiquetas, Sea el primero en etiquetar este registro!
|
| LEADER | 01580nam a22002175a 4500 | ||
|---|---|---|---|
| 001 | CEM.cems014493 | ||
| 008 | 130507s2014##################000#0#####d | ||
| 005 | 20251205162758.0 | ||
| 245 | 1 | 0 | |a La última dictadura : |b mejor hablar de ciertas cosas / |c María Celeste Adamoli |
| 260 | |a Buenos Aires : |b Ministerio de Educación de la Nación, |c 2014 | ||
| 300 | |a 22 p. | ||
| 505 | 0 | |a La última dictadura -- ¿Qué se propuso destruir la dictadura? -- El terrorismo de Estado -- Los desaparecidos -- ¿Cuáles fueron las principales características del terrorismo de Estado? -- Los juicios por delitos de lesa humanidad -- La violencia de mercado -- FUENTES: voces y testimonios -- 1. ¿Qué recuerda del 24 de marzo de 1976? -- 2. Diálogo entre Jacobo Timerman y el represor Ramón Camps -- 3. Testimonios de sobrevivientes de la ESMA | |
| 520 | |a Este cuadernillo se propone responder a algunas de las preguntas centrales sobre lo sucedido en la última dictadura militar. A través de variados recursos propone un acercamiento a los conceptos claves, la historia y las reflexiones centrales. Se ofrecen aquí testimonios, fotos y preguntas para pensar con las y los jóvenes sobre la relevancia de esta temática en la actualidad. | ||
| 100 | 1 | |a Adamoli, María Celeste | |
| 082 | 0 | 4 | |a F364.15 |
| 653 | |a Dictadura militar | ||
| 653 | |a Dictadura | ||
| 653 | |a Memoria | ||
| 653 | |a Memoria, Verdad y Justicia | ||
| 856 | |u https://www.educ.ar/recursos/158021/la-ultima-dictadura |y Clic aquí para acceder al libro digital | ||
| 859 | |a CEMS |b BIB. CEMS - 11 de abril |h F364.15 |i 6 |p 2810.44 |t Ej.1 | ||
